[Event "SVK-chT2C 1920"]
[Site "Slovakia"]
[Date "2019.11.16"]
[Round "3.7"]
[White "Torma, Viliam"]
[Black "Vyletel, Samuel"]
[Result "1-0"]
[WhiteElo "1538"]
[BlackElo "1818"]
[PlyCount "99"]
[EventDate "2019.10.26"]
[EventType "team-tourn"]
[EventRounds "11"]
[EventCountry "SVK"]
[SourceTitle "CBM 193 Extra"]
[Source "ChessBase"]
[SourceDate "2020.01.31"]
[SourceVersion "1"]
[SourceVersionDate "2020.01.31"]
[SourceQuality "1"]
[WhiteTeam "Vinica"]
[BlackTeam "Rajecke Teplice"]
[WhiteTeamCountry "SVK"]
[BlackTeamCountry "SVK"]

1. d4 d5 2. c4 c6 3. e3 Nf6 4. Nc3 e6 5. a3 Nbd7 6. Nf3 Bd6 7. c5 Bc7 8. b4 0-0 9. Bd3 e5 10. dxe5 Nxe5 11. Nd4 a6 12. Be2 Re8 13. Bb2 Bg4 14. h3 Bxe2 15. Ncxe2 Nc4 16. Bc1 Ne4 17. 0-0 Qf6 18. Ra2 Qg6 19. Qc2 Re7 20. f3 Ng3 21. Qxg6 Nxe2+ 22. Rxe2 fxg6 23. f4 Rae8 24. Rfe1 Re4 25. g3 Kf7 26. Nf3 h6 27. Kf2 Kf6 28. Nd2 Nxd2 29. Bxd2 R8e7 30. Bc3+ Kf7 31. h4 b5 32. Ra1 Rc4 33. Bd4 a5 34. Rb2 Re8 35. a4 axb4 36. axb5 cxb5 37. Ra7 Re7 38. Rb7 Ke6 39. Rxb5 Bd8 40. R5xb4 Rxb4 41. Rxb4 Rc7 42. Rb6+ Kf5 43. Kf3 h5 44. Rd6 Be7 45. Rxd5+ Ke6 46. Re5+ Kf7 47. Rd5 Ke6 48. Ke4 Bf8 49. f5+ gxf5+ 50. Rxf5 1-0

[Event "SVK-chT2C 1920"]
[Site "Slovakia"]
[Date "2019.10.27"]
[Round "2.7"]
[White "Vyletel, Samuel"]
[Black "Mikulec, Martin"]
[Result "1/2-1/2"]
[WhiteElo "1818"]
[BlackElo "1835"]
[PlyCount "144"]
[EventDate "2019.10.26"]
[EventType "team-tourn"]
[EventRounds "11"]
[EventCountry "SVK"]
[SourceTitle "CBM 193 Extra"]
[Source "ChessBase"]
[SourceDate "2020.01.31"]
[SourceVersion "1"]
[SourceVersionDate "2020.01.31"]
[SourceQuality "1"]
[WhiteTeam "Rajecke Teplice"]
[BlackTeam "Banska Bystrica Veza"]
[WhiteTeamCountry "SVK"]
[BlackTeamCountry "SVK"]

1. e4 c5 2. Nf3 d6 3. d4 cxd4 4. Nxd4 Nf6 5. Nc3 a6 6. Bg5 Nbd7 7. f4 h6 8. Bh4 Qc7 9. Qf3 b6 10. 0-0-0 Bb7 11. Kb1 Rc8 12. Bd3 g5 13. fxg5 Ne5 14. Qf5 hxg5 15. Bxg5 Bg7 16. Rdf1 Qc5 17. Nb3 Qc7 18. Bd2 Rh5 19. Qf2 b5 20. a3 Rh7 21. h3 Kd7 22. Qf5+ e6 23. Qg5 Rg8 24. Rxf6 Bxf6 25. Qxf6 Rxg2 26. Bg5 Ke8 27. h4 Rh5 28. Qf1 Rgxg5 29. hxg5 Rxg5 30. Qf6 Rg8 31. Rh8 Rxh8 32. Qxh8+ Ke7 33. Qh4+ Kd7 34. Qf2 Bc6 35. Qf6 Ke8 36. Nd2 Qa7 37. Nf3 Ng6 38. Nd4 Qe7 39. Qxe7+ Nxe7 40. Nxc6 Nxc6 41. Ne2 Kd7 42. a4 Na5 43. Nd4 e5 44. Nf5 Kc6 45. Ka2 Kc5 46. axb5 axb5 47. Nh6 Nc6 48. Nxf7 b4 49. b3 d5 50. exd5 Kxd5 51. Ng5 Nd4 52. Kb2 Kc5 53. Kc1 Nc6 54. Kd2 Kd4 55. Nf3+ Kd5 56. Ke3 Ne7 57. Bc4+ Kd6 58. Ke4 Nc6 59. Bb5 Ne7 60. Nxe5 Nd5 61. Nd3 Nc3+ 62. Kd4 Nxb5+ 63. Ke4 Nc3+ 64. Ke3 Nd5+ 65. Kd4 Kc6 66. Ne5+ Kd6 67. Nc4+ Kc6 68. Ne3 Nb6 69. Nc4 Nd5 70. Ke5 Kc5 71. Ke4 Nc3+ 72. Kd3 Nd5 1/2-1/2

[Event "SVK-ch U12"]
[Site "Lubovna"]
[Date "2013.04.08"]
[Round "3"]
[White "Gyurenka, Adam"]
[Black "Vyletel, Samuel"]
[Result "1-0"]
[WhiteElo "1000"]
[BlackElo "1283"]
[PlyCount "115"]
[EventDate "2013.04.06"]
[EventType "swiss"]
[EventRounds "9"]
[EventCountry "SVK"]
[SourceTitle "CBM 153 Extra"]
[Source "ChessBase"]
[SourceDate "2013.04.22"]
[SourceVersion "1"]
[SourceVersionDate "2013.04.22"]
[SourceQuality "1"]

1. d4 d5 2. c4 e6 3. Nf3 Nf6 4. e3 Nc6 5. Nc3 g6 6. Bd3 Bg7 7. 0-0 0-0 8. b3 Re8 9. Bb2 b6 10. e4 dxe4 11. Nxe4 Nb4 12. Qd2 Nxd3 13. Qxd3 Bb7 14. Rfe1 Nxe4 15. Rxe4 Bxe4 16. Qxe4 c5 17. Rd1 Qc7 18. Qh4 Qe7 19. Qf4 Rad8 20. Ba3 e5 21. Qd2 Qc7 22. d5 a6 23. Bb2 b5 24. Re1 e4 25. Ng5 Bxb2 26. Qxb2 Qe5 27. Qxe5 Rxe5 28. Nxe4 Kg7 29. Re3 f5 30. Nxc5 Rxe3 31. fxe3 Rd6 32. e4 bxc4 33. bxc4 fxe4 34. Nxe4 Rd8 35. Kf2 Rb8 36. Ke3 a5 37. h3 Rb2 38. c5 Kf7 39. c6 Ke7 40. d6+ Kd8 41. Kd4 Rc2 42. Kd5 a4 43. c7+ Kc8 44. Ke6 Re2 45. Kd5 Rxa2 46. Nc3 Rd2+ 47. Ke5 a3 48. Nb5 Re2+ 49. Kf4 Rc2 50. Nxa3 Rc5 51. Ke4 Kd7 52. Kd4 Ra5 53. Nc4 Rb5 54. Ne5+ Kc8 55. Nc6 Kd7 56. Na7 Rb4+ 57. Kc5 Rb2 58. c8Q# 1-0

[Event "SVK-ch U12"]
[Site "Lubovnianske Kupele"]
[Date "2012.03.23"]
[Round "8"]
[White "Vyletel, Samuel"]
[Black "Pipiska, Adam"]
[Result "1/2-1/2"]
[WhiteElo "1000"]
[BlackElo "1299"]
[PlyCount "44"]
[EventDate "2012.03.17"]
[EventType "swiss"]
[EventRounds "9"]
[EventCountry "SVK"]
[SourceTitle "CBM 147 Extra"]
[Source "ChessBase"]
[SourceDate "2012.04.24"]
[SourceVersion "1"]
[SourceVersionDate "2012.04.24"]
[SourceQuality "1"]

1. e4 e5 2. Nf3 Nc6 3. Bb5 a6 4. Ba4 Be7 5. d3 b5 6. Bb3 Nf6 7. 0-0 0-0 8. c3 d5 9. Nbd2 d4 10. Qe2 Be6 11. h3 Qd7 12. Ng5 Rad8 13. Nxe6 fxe6 14. Bc2 b4 15. c4 Na5 16. Nf3 Nxc4 17. dxc4 d3 18. Qd2 dxc2 19. Qxc2 Qc6 20. Nxe5 Qc5 21. Nf3 Bd6 22. Re1 Be7 1/2-1/2

[Event "SVK-ch U12"]
[Site "Lubovnianske Kupele"]
[Date "2012.03.17"]
[Round "1"]
[White "Koval, Jakub"]
[Black "Vyletel, Samuel"]
[Result "1-0"]
[WhiteElo "1342"]
[BlackElo "1000"]
[PlyCount "153"]
[EventDate "2012.03.17"]
[EventType "swiss"]
[EventRounds "9"]
[EventCountry "SVK"]
[SourceTitle "CBM 147 Extra"]
[Source "ChessBase"]
[SourceDate "2012.04.24"]
[SourceVersion "1"]
[SourceVersionDate "2012.04.24"]
[SourceQuality "1"]

1. e4 e6 2. d4 d5 3. exd5 exd5 4. Nc3 Nf6 5. Nf3 Bb4 6. Bd2 0-0 7. a3 Ba5 8. Bd3 Re8+ 9. Ne2 Nc6 10. 0-0 h6 11. Ne5 Bxd2 12. Nxc6 bxc6 13. Qxd2 Qd6 14. Ng3 c5 15. Bf5 Ng4 16. Bxc8 Raxc8 17. Qa5 cxd4 18. Qxa7 c5 19. b4 Ra8 20. Qxc5 Qxc5 21. bxc5 Rac8 22. Nf5 Rxc5 23. Nxd4 Rc4 24. Rfd1 Re4 25. Nf3 Nf6 26. Nd2 Rxc2 27. Nxe4 dxe4 28. h3 g5 29. Rdc1 Rd2 30. Rc8+ Kg7 31. a4 Rd7 32. Ra8 Nd5 33. Rd1 Kf6 34. a5 Ke7 35. a6 Nc7 36. Rxd7+ Kxd7 37. Rh8 Nxa6 38. Rxh6 Nc5 39. Rf6 Ke7 40. Rf5 Ne6 41. Re5 f6 42. Rxe4 f5 43. Re5 Kf6 44. Ra5 Nd4 45. g4 f4 46. Kg2 Ne2 47. Rf5+ Kg6 48. Re5 Nd4 49. Rd5 Nc2 50. Rd6+ Kf7 51. Kf3 Kg7 52. Ke4 Ne1 53. Kf5 Ng2 54. Kxg5 Kf7 55. h4 Nxh4 56. Kxh4 Ke7 57. Rd4 f3 58. Rf4 Kd6 59. g5 Ke5 60. g6 Kxf4 61. g7 Ke4 62. g8Q Kd4 63. Qg5 Ke4 64. Qg4+ Ke5 65. Qxf3 Kd4 66. Qc6 Ke5 67. Kg4 Kd4 68. f4 Kd3 69. f5 Kd4 70. f6 Ke5 71. f7 Kd4 72. f8R Ke3 73. Rd8 Kf2 74. Qe6 Kg2 75. Rd2+ Kf1 76. Qe2+ Kg1 77. Qg2# 1-0